Statistics for Name that Queen song.

Click here to take the quiz!

General Stats

  • This quiz has been taken 59 times
  • The average score is 23 of 41

Answer Stats

HintAnswer% Correct
Is this the real life? ..Bohemian Rhapsody
100%
And floating around in ecstasy..Don't stop me now
93%
Are you hanging on the edge of your seat?...Another one bites the dust
91%
You got mud on your face, you big disgrace..We will rock you
91%
Pressure pushing down on me...Under pressure
87%
She keeps her Moet et Chandon...Killer Queen
85%
One heart one soul just one solution..One Vision
82%
You made them laugh, you made them cry ...Radio Ga Ga
82%
I was just a skinny lad, never knew no good from bad..Fat bottomed girls
80%
I've fallen in love for the first time And this time I know it's for real...I want to break free
80%
Ooh, you make me live, honey..You're my best friend
80%
Each morning I get up I die a little..Somebody to love
76%
Empty spaces, what are we living for?..The show must go on
71%
Savior of the universe..Flash
69%
You've taken my love, you now desert me...Love of my life
69%
Then she leaves me in a cool, cool sweat..Crazy little thing called love
65%
Here we stand or here we fall..Hammer to fall
62%
But touch my tears with your lips..Who wants to live forever
58%
It's not easy, love, but you got friends you can trust...Friends will be friends
56%
I was told a million times of all the people in my way...Keep yourself alive
55%
I will destroy any man who dares abuse my trust...Seven Seas of Rhye
55%
While there's a wind and the stars and the rainbow..Innuendo
53%
"It ain't much I'm asking," I heard him say...I want it all
53%
Allah, Allah, Allah we'll pray for you...Mustapha
51%
Gotta get away from this stone cold floor...Stone cold crazy
51%
This is a tricky situation..It's A Hard Life
49%
I was back in the old days, long ago..These are the days of our lives
49%
Sammy was low, just watching the show..Spread your wings
47%
If I could only reach you, If I could make you smile...Breakthru
45%
Look around, around, around, around, around...Now I'm here
44%
I suck your mind, you blow my head...Get Down, Make love
36%
Too many bitter tears are raining down on me..Too much love will kill you
33%
She came without a farthing..All dead, all dead
31%
Just look at all those hungry mouths we have to feed...Is this the world we created..?
31%
I don't wanna talk about it ...My Melancholy Blues
29%
Think you're gonna slash your wrists this time...Don't Try Suicide
27%
I don't want a stormy affair...Mother Love
27%
You don't rule me, you're no surprise...You Don't fool me
20%
You and me, we are destined, you'll agree..Bijou
16%
Red skies are gleaming, oh..A Winter's tale
15%
Did I achieve what I had set in my sights?...Was it all worth it
15%

Score Distribution

Percentile by Number Answered

Percent of People with Each Score

Your Score History

You have not taken this quiz